[Event "FRA-ch op-B"]
[Site "Agen"]
[Date "2016.??.??"]
[Round "7"]
[White "Partinico, Jeremy"]
[Black "Prat, Romain"]
[Result "1-0"]
[WhiteElo "1945"]
[BlackElo "1887"]
[PlyCount "127"]
[EventDate "2016.08.12"]
[EventType "swiss"]
[EventRounds "9"]
[EventCountry "FRA"]
[SourceTitle "EXT 2017"]
[Source "ChessBase"]
[SourceDate "2016.10.25"]
[SourceVersion "1"]
[SourceVersionDate "2016.10.25"]
[SourceQuality "1"]

1. e4 b6 2. d4 Bb7 3. Bd3 e6 4. Qe2 Nf6 5. Nf3 Be7 6. 0-0 d5 7. e5 Nfd7 8. c3 c5 9. Nbd2 Nc6 10. a3 c4 11. Bc2 b5 12. b4 a5 13. Bb2 Qc7 14. Qe3 0-0 15. Rfe1 h6 16. Nf1 Rae8 17. Ng3 f5 18. exf6 Bxf6 19. Bg6 Re7 20. Qd2 e5 21. Nf5 e4 22. N3h4 Bxh4 23. Nxh4 Qf4 24. Qxf4 Rxf4 25. g3 Rf6 26. Bh5 Nf8 27. Bg4 Nh7 28. Re2 g6 29. Rae1 h5 30. Bh3 Ref7 31. Bf1 Bc8 32. Bc1 a4 33. Ng2 Ne7 34. h4 Bg4 35. Rc2 Nf8 36. Bg5 Rd6 37. Bf4 Rd8 38. Ne3 Ne6 39. Nxg4 hxg4 40. Bc1 Rdf8 41. Bh6 Re8 42. Be2 Nf5 43. Bc1 Kg7 44. Bxg4 Nf8 45. Kg2 Nh7 46. h5 Nf6 47. hxg6 Kxg6 48. Bh3 Rh7 49. Bf4 Reh8 50. Rh1 Ng4 51. Rcc1 Nxf2 52. Bxf5+ Kxf5 53. Rxh7 Rxh7 54. Kxf2 Rh2+ 55. Ke3 Ra2 56. Rh1 Rxa3 57. Rh5+ Kg6 58. Rxd5 Rxc3+ 59. Kxe4 Rb3 60. Rxb5 Kf6 61. Be5+ Ke7 62. Rb7+ Ke8 63. Kd5 c3 64. Ke6 1-0